000 00727cam a2200265 4500
001 ABS63672
008 000000n2001 000 0 eng u
035 _a(Sirsi) u111943
245 _aFocus 2001: Manchester retail, leisure & residential
260 _c2001
490 _aEstates Gazette
_v(0114) 7 April 2001, 83-113(19)
590 _aABS
650 _aMANCHESTER
650 _aLEISURE MARKET
650 _aGREATER MANCHESTER
650 _aSPORT
650 _aRESIDENTIAL MARKET
650 _aDEPARTMENT STORES
650 _aWESTPORT DEVELOPMENTS
650 _aTRAFFORD CENTRE
650 _aCINEMAS
650 _aHOTELS
690 _aPROPERTY-COMMERCIAL PROPERTY-COMMERCIAL PROPERTY MARKET
942 _n0
999 _c66707
_d66707